| 000 | 00769nam a2200217 a 4500 | ||
|---|---|---|---|
| 001 | 000255770 | ||
| 003 | AM-YeHGA | ||
| 005 | 20250618071722.0 | ||
| 008 | 030821s1957 le |||||||||||||||0|arm|d | ||
| 040 | _aAM-YeHGA | ||
| 041 | 0 | _aarm | |
| 100 | 1 |
_aՀամաստեղ, _q(Կելենյան Համբարձում Հովհաննեսի), _d1895-1966 _93439 |
|
| 245 | 1 | 0 |
_aԱղօթարան / _cՀամաստեղ ; Համազգ. հայ մշակութ. ը-թիւն. |
| 260 |
_aՊէյրութ : _bՀամազգային, _c1957. |
||
| 300 | _a88 էջ | ||
| 440 | 0 |
_aԺամանակակից գրականության _v7 |
|
| 650 | 1 | 4 | _aԿրոն |
| 710 | 2 | _a''Համազգային'' հայ մշակութային ընկերակցութիւն | |
| 942 |
_2udc _cBK |
||
| 090 | _c93394 | ||
| 999 |
_c92095 _d92095 |
||